Statistics for Flags of Countries in 1100AD

Click here to take the quiz!

General Stats

  • This quiz has been taken 75 times
    (58 since last reset)
  • The average score is 14 of 47

Answer Stats

Answer% Correct
England
98%
France
93%
Denmark
90%
Norway
90%
Sweden
90%
Wales
90%
Scotland
88%
Holy Roman Empire
78%
Hungary
75%
Poland
68%
Ireland
65%
Republic of Venice
60%
Byzantine Empire
58%
Brittany
50%
Friesland
28%
Aragon
25%
Serbian Empire
23%
Bohemia
20%
Flanders
20%
Almohad Caliphate
18%
Kiev
18%
Normandy
18%
Song Dynasty
18%
Japan
13%
Novgorod
13%
Navarre
10%
Smolensk
10%
Ainu
8%
Jin Dynasty
8%
Portugal
8%
Castile and Leon
5%
Dai Viet
5%
Goryeo
5%
Pagan
5%
Seljuk Empire
5%
Ghaznavids
3%
Orkney
3%
Tibetan Empire
3%
Chalukya Dynasty
0%
Champa
0%
Fatimid Caliphate
0%
Kameg Mongol
0%
Kara-Khanid Khanate
0%
Kievan Rus'
0%
Kingdom of Sicily
0%
Kipchak Khanate
0%
Srivijaya Empire
0%

Score Distribution

Percentile by Number Answered

Percent of People with Each Score

Your Score History

You have not taken this quiz since the last reset